000 00855 a2200205 4500
001 53322
005 20260407155807.0
008 260407a1988 arg spa d
003 AR-UNSa-BCEJYS
040 _aAR-UNSa-BCEJYS
_bspa
_cAR-UNSa-BCEJYS
080 _a330.567.2
_xGastos. Consumo. Ahorro. Economía de los particulares
245 1 0 _aSistemas de ahorro previo por grupos cerrados
_pBienes. Dinero. Inmuebles
020 _a950-508-262-2
264 1 _aBuenos Aires :
_bAstrea
_c1988
300 _a233 p.
_c20 cm.
505 _a1. Encuadramiento normativo del contrato - 2. El contrato de ahorro previo por grupos cerrados - 3. Ahorro previo por grupos cerrados para inmuebles - 4. Consideraciones generales sobre algunos temas particulares de los sistemas
942 _cBK
590 _aniveau_biblio:m niveau_hierar:0
100 1 _aAguilar, Fernando
999 _c5178
_d5178